| 000 | 00963nam a22002657a 4500 | ||
|---|---|---|---|
| 008 | 131010b xxu||||| |||| 00| 0 alb d | ||
| 020 | _a9951130038 | ||
| 041 | 0 | _aalb | |
| 080 | _a025.85 | ||
| 100 | _aAdcock. Edward P. | ||
| 245 | 1 | 0 |
_aIFLA Parimet mbi Përkujdesjen dhe Përdorimin e Materialit Bibliotekar / _cHartuar dhe redaktuar nga Edward P. Adcock ; në bashkëpunim me Maria-Therese Valramoff dhe Virginie Kremp ; Përktheu Avni Spahiu. |
| 260 |
_aPrishtinë : _bBiblioteka Kombëtare dhe Universitare e Kosovës ; _c2004 |
||
| 300 |
_a152 f.: _c20 cm. |
||
| 490 | _aFederata Ndërkombëtare e Asociacioneve dhe Insitutcioneve Bibliotekare | ||
| 500 | _aFjalori : f. 11-17 | ||
| 500 | _aParathënie : f. 18-22 | ||
| 650 | _aMaterialet bibliotekare | ||
| 650 | _aLibrat | ||
| 650 | _aRuajtja dhe restaurimi | ||
| 700 | _aValramoff, Maria-Therese | ||
| 700 | _aKremp, Virginie | ||
| 700 | _aSpahiu, Avni | ||
| 710 | _aIFLA | ||
| 942 |
_2udc _cBK |
||
| 999 |
_c89 _d89 |
||